[Event "SLO-ch qual"]
[Site "Otocec"]
[Date "2009.07.09"]
[Round "5"]
[White "Brcar, Andrej"]
[Black "Hiti, Domen"]
[Result "1/2-1/2"]
[WhiteElo "2089"]
[BlackElo "1865"]
[PlyCount "106"]
[EventDate "2009.07.07"]
[EventType "swiss"]
[EventRounds "9"]
[EventCountry "SLO"]
[SourceTitle "EXT 2010"]
[Source "ChessBase"]
[SourceDate "2010.11.25"]
[SourceVersion "1"]
[SourceVersionDate "2010.11.25"]
[SourceQuality "1"]

1. e4 d5 2. exd5 Qxd5 3. Nc3 Qa5 4. d4 Nf6 5. Nf3 c6 6. Bc4 Bf5 7. 0-0 e6 8. Qe2 Be7 9. Bf4 Nbd7 10. h3 0-0 11. a3 Qb6 12. Bb3 Rfe8 13. Rad1 Qd8 14. Ne5 Nb6 15. g4 Bg6 16. h4 Nfd5 17. Nxd5 Nxd5 18. Bxd5 exd5 19. h5 Be4 20. f3 f6 21. fxe4 fxe5 22. Bxe5 dxe4 23. Qxe4 Bf6 24. Qf5 Bxe5 25. Qf7+ Kh8 26. dxe5 Qb6+ 27. Kh1 Qxb2 28. e6 Qxa3 29. Rf3 Qe7 30. Rd7 Qxf7 31. Rfxf7 Rxe6 32. Rxg7 Rae8 33. Rxh7+ Kg8 34. Rdg7+ Kf8 35. Rf7+ Kg8 36. Rfg7+ Kf8 37. Rxb7 R6e7 38. Rh8+ Kg7 39. Rxe7+ Rxe7 40. Ra8 Re2 41. g5 Re5 42. h6+ Kg6 43. Rxa7 Rxg5 44. h7 Rh5+ 45. Kg2 Rxh7 46. Rxh7 Kxh7 47. Kf3 Kg6 48. Ke4 Kf6 49. Kd4 Ke6 50. Kc5 Kd7 51. Kb6 Kd6 52. c4 c5 53. Kb5 Kd7 1/2-1/2

[Event "SLO Cup"]
[Site "Otocec"]
[Date "2009.05.24"]
[Round "5"]
[White "Ule, Evald"]
[Black "Brcar, Andrej"]
[Result "1/2-1/2"]
[WhiteElo "2266"]
[BlackElo "2051"]
[PlyCount "94"]
[EventDate "2009.05.22"]
[EventType "team-tourn"]
[EventRounds "5"]
[EventCountry "SLO"]
[SourceTitle "CBM 130 Extra"]
[Source "ChessBase"]
[SourceDate "2009.07.02"]
[SourceVersion "2"]
[SourceVersionDate "2009.07.15"]
[SourceQuality "1"]

1. d4 Nf6 2. c4 d6 3. Nc3 Nbd7 4. Nf3 e5 5. Bg5 Be7 6. e3 c6 7. Be2 0-0 8. 0-0 h6 9. Bh4 e4 10. Nd2 d5 11. cxd5 cxd5 12. Qb3 Nb6 13. a4 a5 14. Rac1 Bb4 15. Rc2 Bd7 16. Nb5 Bxb5 17. Bxb5 Rc8 18. Nb1 Rxc2 19. Qxc2 Qc8 20. Qe2 Qe6 21. Rc1 Rc8 22. Rc2 Rxc2 23. Qxc2 Qc8 24. Qxc8+ Nxc8 25. f3 Nd6 26. Be2 g5 27. Bg3 Nf5 28. Bf2 Kf8 29. Nc3 Nd6 30. Kf1 Ke7 31. Ke1 Ke6 32. Kd1 Nd7 33. Na2 exf3 34. gxf3 Nb8 35. Nxb4 axb4 36. Kc2 Nc6 37. Kb3 f5 38. Bb5 Nxb5 39. axb5 Na5+ 40. Kxb4 b6 41. b3 Nb7 42. Bg3 Nd6 43. Kc3 h5 44. Kd3 Nxb5 45. h3 Nd6 46. Be5 Ne8 47. Kc3 Nd6 1/2-1/2

[Event "SLO-chT1 West"]
[Site "Ljubljana"]
[Date "2008.11.15"]
[Round "3.5"]
[White "Brcar, Andrej"]
[Black "Pazlar, Marko"]
[Result "0-1"]
[WhiteElo "2069"]
[BlackElo "2068"]
[PlyCount "69"]
[EventDate "2008.11.13"]
[EventType "team-tourn"]
[EventRounds "9"]
[EventCountry "SLO"]
[SourceTitle "EXT 2010"]
[Source "ChessBase"]
[SourceDate "2010.11.25"]
[SourceVersion "1"]
[SourceVersionDate "2010.11.25"]
[SourceQuality "1"]
[WhiteTeam "Trebnje BMP"]
[BlackTeam "Jesenice"]
[WhiteTeamCountry "SLO"]
[BlackTeamCountry "SLO"]

1. e4 e6 2. d4 d5 3. Nd2 Nc6 4. c3 dxe4 5. Nxe4 Qd5 6. Qd3 e5 7. dxe5 Qxd3 8. Bxd3 Nxe5 9. Bc2 f5 10. Ng3 g6 11. Be3 Bd6 12. 0-0-0 Nf6 13. f3 Be6 14. Kb1 0-0-0 15. N1e2 Nd5 16. Bg5 Rd7 17. Bb3 c6 18. Nd4 Bf7 19. Rhe1 h6 20. Bc1 Kc7 21. c4 Nb4 22. a3 Nbd3 23. Re2 Nxc1 24. Rxc1 Nd3 25. Rd1 Nf4 26. Red2 Rhd8 27. Nc2 Bc5 28. Rxd7+ Rxd7 29. Rxd7+ Kxd7 30. Ba2 Nxg2 31. Ne2 Nh4 32. b4 Bd6 33. f4 Ng2 34. Ncd4 Nxf4 35. Ng3 0-1

[Event "SLO-chT1 West"]
[Site "Ljubljana"]
[Date "2008.11.14"]
[Round "2.5"]
[White "Kozarski, Filip"]
[Black "Brcar, Andrej"]
[Result "1-0"]
[WhiteElo "1927"]
[BlackElo "2069"]
[PlyCount "91"]
[EventDate "2008.11.13"]
[EventType "team-tourn"]
[EventRounds "9"]
[EventCountry "SLO"]
[SourceTitle "EXT 2010"]
[Source "ChessBase"]
[SourceDate "2010.11.25"]
[SourceVersion "1"]
[SourceVersionDate "2010.11.25"]
[SourceQuality "1"]
[WhiteTeam "Komenda"]
[BlackTeam "Trebnje BMP"]
[WhiteTeamCountry "SLO"]
[BlackTeamCountry "SLO"]

1. e4 d5 2. exd5 Qxd5 3. Nc3 Qa5 4. Bc4 Nf6 5. d3 Bf5 6. Qe2 e6 7. Bd2 c6 8. h3 h5 9. Nf3 Nbd7 10. Nd4 Qe5 11. Qxe5 Nxe5 12. Nxf5 exf5 13. Bb3 Bd6 14. 0-0-0 0-0 15. Rde1 Rfe8 16. Kd1 Ng6 17. Rxe8+ Rxe8 18. Be3 Nd7 19. Ne2 f4 20. Bd4 Bc5 21. Re1 Rxe2 22. Rxe2 Bxd4 23. c3 Bb6 24. Re8+ Ndf8 25. Ke2 Bc5 26. d4 Bd6 27. f3 a6 28. Ra8 c5 29. Ra7 cxd4 30. Rxb7 Ne6 31. Bxe6 fxe6 32. cxd4 Nh4 33. Rb6 Nf5 34. Kd3 a5 35. Ra6 Bb4 36. a3 Be1 37. Rxe6 Ne3 38. Ke2 Bg3 39. Re5 Nc4 40. Rxh5 Nxb2 41. Rxa5 Kf7 42. Ra7+ Kf6 43. a4 g5 44. a5 Ke6 45. a6 Nc4 46. Rb7 1-0

[Event "SLO-chT2"]
[Site "Ljubljana"]
[Date "2007.11.25"]
[Round "9.5"]
[White "Ogradi, Gregor"]
[Black "Brcar, Andrej"]
[Result "1/2-1/2"]
[WhiteElo "2087"]
[BlackElo "2076"]
[PlyCount "112"]
[EventDate "2007.11.15"]
[EventType "team"]
[EventRounds "9"]
[EventCountry "SLO"]
[SourceTitle "CBM 121 Extra"]
[Source "ChessBase"]
[SourceDate "2008.01.10"]
[SourceVersion "1"]
[SourceVersionDate "2008.01.10"]
[SourceQuality "1"]
[WhiteTeam "Komenda"]
[BlackTeam "Trebnje BMP"]
[WhiteTeamCountry "SLO"]
[BlackTeamCountry "SLO"]

1. e4 e5 2. Nf3 Nc6 3. Bb5 a6 4. Ba4 d6 5. c3 Be7 6. 0-0 Nf6 7. Re1 0-0 8. h3 b5 9. Bc2 Bb7 10. d3 Re8 11. Nbd2 Bf8 12. Nf1 d5 13. Qe2 d4 14. Ng3 g6 15. Bg5 Bg7 16. Qd2 Qd6 17. a3 Qf8 18. cxd4 Nxd4 19. Nxd4 exd4 20. Qf4 Nh5 21. Nxh5 gxh5 22. Qh4 Re6 23. Qxh5 Rg6 24. Bd2 c5 25. Bb3 Rc8 26. Rac1 Bh6 27. Bxh6 Rxh6 28. Qe5 Rg6 29. h4 Qg7 30. Qxg7+ Kxg7 31. Re2 f5 32. f3 fxe4 33. fxe4 Rg3 34. Kh2 Rxd3 35. Bc2 c4 36. Rce1 Re3 37. Rxe3 dxe3 38. Rxe3 Rd8 39. Re2 Rd4 40. Kg3 h6 41. Kf4 Kf6 42. g4 a5 43. g5+ hxg5+ 44. hxg5+ Kg7 45. Ke5 Rd8 46. Rf2 b4 47. axb4 axb4 48. Bb1 b3 49. g6 Kxg6 50. Rf6+ Kg5 51. Rd6 Rf8 52. Rd7 Rf1 53. Rg7+ Kh6 54. Rxb7 Rxb1 55. Kd4 Rxb2 56. Kxc4 Kg6 1/2-1/2

[Event "SLO-chT2"]
[Site "Ljubljana"]
[Date "2007.11.24"]
[Round "7.5"]
[White "Volf, Ziga"]
[Black "Brcar, Andrej"]
[Result "1-0"]
[WhiteElo "2191"]
[BlackElo "2076"]
[PlyCount "77"]
[EventDate "2007.11.15"]
[EventType "team"]
[EventRounds "9"]
[EventCountry "SLO"]
[SourceTitle "CBM 121 Extra"]
[Source "ChessBase"]
[SourceDate "2008.01.10"]
[SourceVersion "1"]
[SourceVersionDate "2008.01.10"]
[SourceQuality "1"]
[WhiteTeam "Krka Novo Mesto"]
[BlackTeam "Trebnje BMP"]
[WhiteTeamCountry "SLO"]
[BlackTeamCountry "SLO"]

1. e4 e5 2. Nf3 Nc6 3. Bc4 Bc5 4. c3 Nf6 5. d4 exd4 6. cxd4 Bb4+ 7. Bd2 Bxd2+ 8. Nbxd2 d5 9. exd5 Nxd5 10. Qb3 Nce7 11. 0-0 0-0 12. Rfe1 c6 13. Ne4 Qb6 14. Nc3 Qd8 15. Ne5 Kh8 16. Rac1 f6 17. Nf3 Nb6 18. h3 Bf5 19. Bf1 Re8 20. a4 Rb8 21. Qb4 Ned5 22. Rxe8+ Qxe8 23. Qc5 Nxc3 24. bxc3 Bg6 25. a5 Nc8 26. Re1 Qd8 27. Nh4 Bf7 28. Nf5 g6 29. Nh6 Kg7 30. Nxf7 Kxf7 31. Bc4+ Kg7 32. Re6 a6 33. g3 Qc7 34. d5 b5 35. axb6 Qxb6 36. Rxc6 Qb1+ 37. Kh2 Qf5 38. Rc7+ Kh6 39. Qf8+ 1-0